000 00404nam a2200157 a 4500
005 20140412111401.0
008 100121s19uu xx 00 eng d
020 _a1-57064-118-8
050 _aER
_bD86 1997
100 _aDudko, Mary Ann
245 _aBarney's Alphabet Soup /
_cMary Ann Dudko.
260 _aNew York :
_bScholastic,
_c1997.
300 _aunp.
650 _aAlphabet
999 _c105470
_d105470